[Event "56th TCh-DEN Ex 2017-18"]
[Site "Denmark DEN"]
[Date "2018.01.14"]
[Round "6.3"]
[Board "6"]
[White "Svenninggaard, Thomas"]
[Black "Ochsner, Thomas"]
[Result "1/2-1/2"]
[WhiteElo "2177"]
[BlackElo "2301"]
[WhiteTeam "Hillerod"]
[BlackTeam "Aarhus/Skolerne"]
[WhiteFideId "1406302"]
[BlackFideId "1400711"]
[EventDate "2017.11.18"]

1. e4 e5 2. Nf3 Nc6 3. Bb5 Nf6 4. d3 d6 5. h3 g6 6. Nc3 Bg7 7. Be3 O-O 8. Qd2
Bd7 9. Bxc6 Bxc6 10. Bh6 Re8 11. Bxg7 Kxg7 12. O-O-O b5 13. Nh2 b4 14. Ne2 a5
15. Ng4 Bd7 16. Rdf1 1/2-1/2

[Event "56th TCh-DEN Ex 2017-18"]
[Site "Denmark DEN"]
[Date "2018.01.14"]
[Round "6.3"]
[Board "7"]
[White "Rendboe, John Filip"]
[Black "Erlandsen, Carsten"]
[Result "1-0"]
[WhiteTitle "FM"]
[WhiteElo "2127"]
[BlackElo "2067"]
[WhiteTeam "Aarhus/Skolerne"]
[BlackTeam "Hillerod"]
[WhiteFideId "1403664"]
[BlackFideId "1402536"]
[EventDate "2017.11.18"]

1. d4 Nf6 2. c4 g6 3. Nf3 Bg7 4. g3 O-O 5. Bg2 d5 6. cxd5 Nxd5 7. O-O c6 8. Qc2
Na6 9. a3 Nac7 10. Nbd2 Nb5 11. e3 Be6 12. Nb3 Re8 13. Bd2 Nd6 14. Nc5 Bc8 15.
e4 Nb6 16. a4 Nd7 17. Rfd1 b6 18. Nb3 Bb7 19. e5 Nf5 20. g4 Nh6 21. h3 f6 22.
Be3 Nf8 23. a5 Qd7 24. a6 Bc8 25. Nh2 Rd8 26. Bxc6 Qc7 27. Bd5+ Be6 28. Qxc7
Bxd5 29. Nd2 Rd7 30. Qc3 Ne6 31. Nhf3 f5 32. gxf5 gxf5 33. Bg5 Nf7 34. Qe3 h6
35. Bh4 Kh8 36. Kh2 Rg8 37. Rg1 h5 38. Qd3 1-0

[Event "56th TCh-DEN Ex 2017-18"]
[Site "Denmark DEN"]
[Date "2018.01.14"]
[Round "6.3"]
[Board "8"]
[White "Nielsen, Niels-Peter"]
[Black "Jensen, Jacob Bjerre"]
[Result "1/2-1/2"]
[WhiteElo "2077"]
[BlackElo "2140"]
[WhiteTeam "Hillerod"]
[BlackTeam "Aarhus/Skolerne"]
[WhiteFideId "1402331"]
[BlackFideId "1401513"]
[EventDate "2017.11.18"]

1. e4 e6 2. d4 d5 3. Nd2 Nf6 4. e5 Nfd7 5. Bd3 c5 6. c3 Nc6 7. Ne2 cxd4 8. cxd4
f6 9. exf6 Qxf6 10. Nf3 h6 11. a3 Bd6 12. Bc2 O-O 13. O-O Rd8 14. Qd3 Nf8 15.
Bd2 Bd7 16. Bc3 Be8 17. Rae1 Rac8 18. Qd2 Rc7 19. Ba4 Rdc8 20. Nc1 Bf4 21. Qe2
Bxc1 22. Rxc1 Bh5 23. Bxc6 Bxf3 24. Qxf3 Qxf3 25. gxf3 Rxc6 26. Rfe1 Ng6 27.
Rcd1 Rf8 28. Re3 Rf6 29. Kf1 Nh4 30. Rdd3 Rc7 31. Bd2 Rcf7 32. Ke2 Nf5 33. Re5
Nh4 34. Ree3 Nf5 35. Re5 Nh4 1/2-1/2

[Event "56th TCh-DEN Ex 2017-18"]
[Site "Denmark DEN"]
[Date "2018.01.14"]
[Round "6.4"]
[Board "1"]
[White "Jahncke, Giso"]
[Black "Matthiesen, Martin"]
[Result "1/2-1/2"]
[WhiteTitle "FM"]
[BlackTitle "FM"]
[WhiteElo "2352"]
[BlackElo "2307"]
[WhiteTeam "BOV"]
[BlackTeam "SK1968"]
[WhiteFideId "24608289"]
[BlackFideId "1404067"]
[EventDate "2017.11.18"]

1. c4 c5 2. g3 g6 3. Bg2 Bg7 4. Nc3 Nc6 5. a3 e6 6. Rb1 Nge7 7. b4 cxb4 8. axb4
d5 9. b5 Ne5 10. cxd5 exd5 11. d4 Nc4 12. e3 O-O 13. Nge2 Be6 14. O-O Qd7 15.
Nf4 Rac8 16. Bd2 Rc7 17. Be1 Rfc8 18. Na4 b6 19. Bb4 Bh6 20. Nxe6 fxe6 21. Bxe7 1/2-1/2

[Event "56th TCh-DEN Ex 2017-18"]
[Site "Denmark DEN"]
[Date "2018.01.14"]
[Round "6.4"]
[Board "2"]
[White "Rewitz, Poul"]
[Black "Xu, Xianliang"]
[Result "0-1"]
[WhiteTitle "FM"]
[BlackTitle "FM"]
[WhiteElo "2308"]
[BlackElo "2397"]
[WhiteTeam "SK1968"]
[BlackTeam "BOV"]
[WhiteFideId "1401033"]
[BlackFideId "4603230"]
[EventDate "2017.11.18"]

1. d4 d5 2. Nf3 Nc6 3. c4 Bg4 4. cxd5 Bxf3 5. gxf3 Qxd5 6. e3 e5 7. Nc3 Bb4 8.
Bd2 Bxc3 9. bxc3 Qd6 10. Rb1 b6 11. f4 exf4 12. e4 Nge7 13. Qf3 Qa3 14. Qxf4 O-O
15. Bc4 Na5 16. Bb3 Nxb3 17. axb3 Ng6 18. Qe3 f5 19. e5 Qe7 20. f4 Rad8 21. b4
Qd7 22. b5 Qd5 23. O-O c5 24. bxc6 Qxc6 25. Qf3 Rd5 26. Be1 Rc8 27. Qd3 Rd7 28.
Qxf5 Rf8 29. Qg4 Rxf4 30. Rxf4 Nxf4 31. Qxf4 Qg6+ 32. Qg3 Qxb1 33. e6 Rb7 34. d5
Qe4 35. c4 h6 36. Qh4 Qf3 37. h3 b5 38. Qd8+ Kh7 39. c5 Qd1 40. Kf1 Qd3+ 41. Kg2
Qe4+ 42. Kf1 Qc4+ 43. Kg2 Qxc5 44. Bf2 Qc4 45. Qd6 Qe4+ 46. Kg1 b4 47. Qc6 Rb8
48. Qc7 Rb5 49. Bc5 Qb1+ 50. Kf2 Qc2+ 51. Kf3 Rxc5 0-1

[Event "56th TCh-DEN Ex 2017-18"]
[Site "Denmark DEN"]
[Date "2018.01.14"]
[Round "6.4"]
[Board "3"]
[White "Schwarz, Frank"]
[Black "Berg, Klaus"]
[Result "1/2-1/2"]
[BlackTitle "IM"]
[WhiteElo "2237"]
[BlackElo "2340"]
[WhiteTeam "BOV"]
[BlackTeam "SK1968"]
[WhiteFideId "4658035"]
[BlackFideId "1400053"]
[EventDate "2017.11.18"]

1. d4 Nf6 2. Bf4 d5 3. e3 c5 4. Nf3 Nc6 5. Nc3 Bg4 6. Be2 e6 7. O-O Be7 8. dxc5
Bxc5 9. h3 Bh5 10. Ne5 Bxe2 11. Qxe2 O-O 12. Rad1 Bd6 13. Nd3 Bxf4 14. Nxf4 Qb6
15. Qb5 Qc7 16. Na4 Ne5 17. Nd3 Nc4 18. Qc5 Qxc5 19. Naxc5 Rfc8 20. b3 Nd6 21.
Rc1 b6 22. Na4 Nfe4 23. f3 Nc3 24. Nxc3 Rxc3 25. Rfd1 Rac8 26. Rd2 h5 27. Kf2 h4
28. Ne1 Nf5 29. Rd3 g5 30. Ke2 Kg7 31. Kd2 R3c5 32. c3 Kf6 33. Nc2 Ke7 34. Nd4
Nd6 35. Ne2 f5 36. Ke1 a5 37. a4 b5 38. axb5 Rxb5 39. Ra1 Rxb3 40. Rxa5 Rb1+ 41.
Kf2 Rb2 42. Ke1 Rcb8 43. Ra7+ Kf6 44. Ra6 R8b6 45. Rxb6 Rxb6 46. Rd1 Nc4 47. Kf2
Rb2 48. Rd4 Ke5 49. Rd1 f4 50. exf4+ gxf4 51. Ra1 Kf5 52. Ra8 Ne3 53. Rf8+ Ke5
54. Rg8 Nf5 55. Ke1 Ng3 56. Nd4 Kf6 57. Rf8+ Ke7 58. Rh8 e5 59. Nc6+ Kd6 60.
Rh6+ Kc5 61. Ne7 Kc4 62. Rd6 d4 63. cxd4 exd4 64. Ng6 Re2+ 65. Kd1 Rxg2 66. Nxf4
Rh2 67. Rc6+ Kb5 68. Rh6 Rf2 69. Rxh4 Rxf3 70. Ne6 1/2-1/2

[Event "56th TCh-DEN Ex 2017-18"]
[Site "Denmark DEN"]
[Date "2018.01.14"]
[Round "6.4"]
[Board "4"]
[White "Bank, Pelle"]
[Black "Light, Bjarne"]
[Result "1-0"]
[WhiteElo "2283"]
[BlackElo "2234"]
[WhiteTeam "SK1968"]
[BlackTeam "BOV"]
[WhiteFideId "1402889"]
[BlackFideId "1401360"]
[EventDate "2017.11.18"]

1. d4 Nf6 2. Bg5 Ne4 3. Bf4 Nc6 4. f3 Nf6 5. e4 d5 6. e5 Nd7 7. c3 e6 8. Be3
Ncb8 9. f4 b6 10. Nf3 Ba6 11. Bxa6 Nxa6 12. Qd3 Nab8 13. f5 Be7 14. O-O c5 15.
b4 Nc6 16. a3 Nf8 17. Nbd2 Qd7 18. Ng5 Bxg5 19. Bxg5 cxd4 20. f6 g6 21. cxd4 h6
22. Be3 g5 23. Rac1 Ng6 24. Nf3 Qb7 25. Rc3 Kd7 26. Rfc1 Rhc8 27. Bxg5 hxg5 28.
Nxg5 Ke8 29. Nxe6 a6 30. Ng7+ Kf8 31. Qh3 Kg8 32. Nf5 Nd8 33. Rxc8 Rxc8 34. Rxc8 1-0

[Event "56th TCh-DEN Ex 2017-18"]
[Site "Denmark DEN"]
[Date "2018.01.14"]
[Round "6.4"]
[Board "5"]
[White "Junge, Kai"]
[Black "Hansen, Lars"]
[Result "1-0"]
[WhiteElo "2212"]
[BlackElo "2243"]
[WhiteTeam "BOV"]
[BlackTeam "SK1968"]
[WhiteFideId "4605454"]
[BlackFideId "1402528"]
[EventDate "2017.11.18"]

1. Nf3 d5 2. g3 Nf6 3. Bg2 c6 4. O-O Bg4 5. d3 Nbd7 6. Nbd2 e6 7. h3 Bh5 8. Qe1
Bd6 9. e4 Qc7 10. a4 O-O 11. Nb3 Rad8 12. Bd2 Rfe8 13. Bc3 e5 14. Bd2 c5 15. c4
dxe4 16. dxe4 Qb6 17. Ra3 Qa6 18. Qe2 Nb8 19. Bg5 Nc6 20. Bxf6 gxf6 21. g4 Bg6
22. h4 h5 23. Nh2 hxg4 24. Nxg4 Kg7 25. Ne3 Rh8 26. Qg4 Kf8 27. Nd5 Kg7 28. Ne3
Nd4 29. Nxd4 cxd4 30. Nf5+ Kf8 31. Rb3 Bc5 32. Rb5 Qc6 33. b4 Bb6 34. Ng3 Qxc4
35. h5 Bh7 36. Qh4 Rd6 37. Rd5 Qxb4 38. Rc1 Ke7 39. Rxe5+ Re6 40. Rd5 Qd2 41.
Rf1 Rd8 42. h6 d3 43. Rxd8 Kxd8 44. Bh3 Rc6 45. Bf5 Rc1 46. Qxf6+ Kc7 47. Qe5+
Kc6 48. Qd5+ Kc7 49. Qd7+ Kb8 50. Qe8+ Kc7 51. Qc8+ Kd6 52. Qxc1 Bxf2+ 53. Kg2 1-0

[Event "56th TCh-DEN Ex 2017-18"]
[Site "Denmark DEN"]
[Date "2018.01.14"]
[Round "6.4"]
[Board "6"]
[White "Ramsdal, Jens Albert"]
[Black "Schuette, Andreas"]
[Result "1-0"]
[WhiteElo "2251"]
[BlackElo "2152"]
[WhiteTeam "SK1968"]
[BlackTeam "BOV"]
[WhiteFideId "1429221"]
[BlackFideId "4639790"]
[EventDate "2017.11.18"]

1. e4 d5 2. exd5 Qxd5 3. d4 Nc6 4. Nf3 Bg4 5. Be2 O-O-O 6. c4 Qd7 7. d5 Bxf3 8.
gxf3 Ne5 9. f4 Ng6 10. Qd4 Kb8 11. Be3 b6 12. Nc3 e6 13. O-O-O Nf6 14. Ne4 Be7
15. Ng5 Qe8 16. Rhe1 Bb4 17. f5 exf5 18. Bd2 Bc5 19. Qd3 Qd7 20. f4 h6 21. Nf3
Ne4 22. b4 Bf2 23. Rf1 Rhe8 24. Kb2 Qd6 25. Nd4 Qf6 26. Be3 Bxe3 27. Qxe3 Nd6
28. Qc3 Ne4 29. Qa3 Rd6 30. Kc2 a5 31. bxa5 Nc5 32. axb6 Rxb6 33. Qxc5 Rxe2+ 34.
Nxe2 Qb2+ 35. Kd3 Qxa2 36. Nc3 Qxh2 37. Nb5 Nxf4+ 38. Kc3 Ne2+ 39. Kd3 Nf4+ 40.
Kc3 Ne2+ 41. Kb4 Qe5 42. Rf3 Nf4 43. Qd4 Qe2 44. Qxf4 Rxb5+ 45. cxb5 Qxd1 46. b6
Qe1+ 47. Rc3 Qb1+ 48. Rb3 Qe1+ 49. Kb5 Qe2+ 50. Qc4 Qe8+ 51. Ka6 Qc8+ 52. Ka5 1-0

[Event "56th TCh-DEN Ex 2017-18"]
[Site "Denmark DEN"]
[Date "2018.01.14"]
[Round "6.4"]
[Board "7"]
[White "Prien, Thore"]
[Black "Heiny, Johannes"]
[Result "1/2-1/2"]
[BlackTitle "FM"]
[WhiteElo "2234"]
[BlackElo "2245"]
[WhiteTeam "BOV"]
[BlackTeam "SK1968"]
[WhiteFideId "1439871"]
[BlackFideId "1616617"]
[EventDate "2017.11.18"]

1. e4 e6 2. d4 d5 3. Nd2 Nc6 4. Ngf3 Nf6 5. e5 Nd7 6. c3 f6 7. Bb5 Be7 8. exf6
Bxf6 9. O-O O-O 10. Re1 Re8 11. Nf1 a6 12. Bxc6 bxc6 13. Bf4 c5 14. b4 cxb4 15.
cxb4 c6 16. Qa4 Qb6 17. Rac1 Bb7 18. Qa5 Qxa5 19. bxa5 Rac8 20. Bd6 Bd8 21. Bb4
Be7 22. Bxe7 Rxe7 23. Ne5 Nxe5 24. Rxe5 c5 25. dxc5 Rec7 26. Rxe6 Rxc5 27. Rce1
d4 28. Rd1 Bd5 29. Rd6 Rxa5 30. Rxd4 Bxa2 31. g3 Ra8 32. Ne3 Bb3 33. Rd7 Rb5 34.
Rg4 g6 35. Rh4 h5 36. Re4 a5 37. Ree7 a4 38. Nc2 Bxc2 39. Rg7+ 1/2-1/2

[Event "56th TCh-DEN Ex 2017-18"]
[Site "Denmark DEN"]
[Date "2018.01.14"]
[Round "6.4"]
[Board "8"]
[White "Miqueu, Jean-Philippe"]
[Black "Svane, Henrik"]
[Result "1/2-1/2"]
[WhiteElo "2118"]
[BlackElo "2084"]
[WhiteTeam "SK1968"]
[BlackTeam "BOV"]
[WhiteFideId "642851"]
[BlackFideId "1403192"]
[EventDate "2017.11.18"]

1. e4 e6 2. d4 d5 3. e5 c5 4. c3 Qb6 5. Nf3 Nc6 6. Bd3 cxd4 7. cxd4 Bd7 8. O-O
Nxd4 9. Nbd2 Ne7 10. Nxd4 Qxd4 11. Nf3 Qb6 12. Be3 Qd8 13. Ng5 h6 14. Nh7 Rxh7
15. Bxh7 g6 16. Qd3 Nf5 1/2-1/2

[Event "56th TCh-DEN Ex 2017-18"]
[Site "Denmark DEN"]
[Date "2018.01.14"]
[Round "6.5"]
[Board "1"]
[White "Svane, Rasmus"]
[Black "Hillarp Persson, Tiger"]
[Result "1/2-1/2"]
[WhiteTitle "GM"]
[BlackTitle "GM"]
[WhiteElo "2587"]
[BlackElo "2531"]
[WhiteTeam "Nordea Skanderborg"]
[BlackTeam "Bronshoj"]
[WhiteFideId "4657101"]
[BlackFideId "1700812"]
[EventDate "2017.11.18"]

1. d4 Nf6 2. c4 e6 3. Nf3 c5 4. Nc3 cxd4 5. Nxd4 a6 6. Bg5 h6 7. Bxf6 Qxf6 8. e3
Nc6 9. Be2 Bc5 10. Nb3 Bb4 11. Rc1 O-O 12. O-O Rd8 13. a3 Bf8 14. Qc2 d5 15.
cxd5 exd5 16. Rcd1 Bf5 17. Qd2 d4 18. exd4 Nxd4 19. Nxd4 Bc5 20. Bf3 Rxd4 21.
Nd5 Qh4 22. Qe2 Rxd1 23. Rxd1 Rd8 24. b4 Bf8 25. g3 Qg5 26. h4 Qg6 27. Nf4 Rxd1+
28. Qxd1 Qb6 29. Qd5 Bc8 30. Qc4 Bd7 31. Bd5 Qf6 32. Qc7 Bc6 33. Bxc6 Qxc6 34.
Qxc6 bxc6 35. Nd3 g5 36. hxg5 hxg5 37. Kf1 Kg7 38. Ke2 Kf6 39. Kf3 Ke6 40. Ke4
f5+ 41. Kd4 Bg7+ 42. Kc5 Kd7 43. a4 g4 44. a5 Bc3 45. Kb6 Bd4+ 46. Kxa6 Kc7 47.
b5 cxb5 48. Kxb5 Kd6 49. Kc4 Ba7 50. Kc3 Kc6 51. Kc4 Kd6 52. Kb5 Bd4 53. Ka4 Kc6
54. Kb4 Kd5 55. a6 Ba7 56. Kc3 Kc6 57. Kc4 Kd6 58. Kc3 Kc6 59. Kb4 Kd5 60. Kb5
Bd4 61. Kb4 Ba7 62. Kb3 Kc6 63. Ka4 Kd5 64. Kb4 Kc6 65. Ne5+ Kd5 66. f4 gxf3 67.
Nxf3 Kc6 68. Kc4 Bf2 69. Nd4+ Kb6 70. Nxf5 Bxg3 1/2-1/2

[Event "56th TCh-DEN Ex 2017-18"]
[Site "Denmark DEN"]
[Date "2018.01.14"]
[Round "6.5"]
[Board "2"]
[White "Aabling-Thomsen, Jakob"]
[Black "Andersen, Mads"]
[Result "0-1"]
[WhiteTitle "IM"]
[BlackTitle "GM"]
[WhiteElo "2360"]
[BlackElo "2594"]
[WhiteTeam "Bronshoj"]
[BlackTeam "Nordea Skanderborg"]
[WhiteFideId "1407589"]
[BlackFideId "1413864"]
[EventDate "2017.11.18"]

1. d4 Nf6 2. c4 g6 3. Nc3 Bg7 4. e4 d6 5. Nf3 O-O 6. Be3 Ng4 7. Bg5 h6 8. Bh4 c5
9. dxc5 g5 10. Bg3 dxc5 11. h4 gxh4 12. Rxh4 Nc6 13. Be2 f5 14. Qxd8 Rxd8 15.
exf5 Bxf5 16. Rc1 e6 17. Bf4 Nb4 18. Nh2 Nxh2 19. Rxh2 Kh7 20. g4 Bxg4 21. Bxg4
Nd3+ 22. Kf1 Nxf4 23. Ne4 Be5 24. Rh1 Rg8 25. f3 Bd4 26. Rc2 Raf8 27. Rch2 Rg6
28. Ke1 Kg7 29. b3 Rd8 30. Bh5 Rg1+ 31. Rxg1+ Bxg1 32. Rh1 Be3 33. Bg4 Rd3 34.
Rh2 Bd4 35. Rh1 a6 36. Rh2 b6 37. Rh1 b5 38. Rh2 b4 39. Rh1 a5 40. Rh2 Bg1 41.
Rh1 Bd4 42. Rh2 Kg6 43. Bh3 Rxf3 44. Bg2 Re3+ 45. Kf1 Re2 46. Rh4 Re1+ 0-1

[Event "56th TCh-DEN Ex 2017-18"]
[Site "Denmark DEN"]
[Date "2018.01.14"]
[Round "6.5"]
[Board "3"]
[White "Ochsner, Bjorn Moller"]
[Black "Pilgaard, Kim"]
[Result "1-0"]
[WhiteTitle "IM"]
[BlackTitle "IM"]
[WhiteElo "2459"]
[BlackElo "2381"]
[WhiteTeam "Nordea Skanderborg"]
[BlackTeam "Bronshoj"]
[WhiteFideId "1416928"]
[BlackFideId "1400657"]
[EventDate "2017.11.18"]

1. Nf3 d5 2. d4 Nf6 3. c4 e6 4. Nc3 Be7 5. Bf4 O-O 6. e3 c5 7. dxc5 Bxc5 8. a3
Nc6 9. Qc2 Qa5 10. Rd1 Be7 11. Be2 dxc4 12. Bxc4 e5 13. Bg3 Bg4 14. O-O Rac8 15.
h3 Bh5 16. Nd5 b5 17. Bb3 Rfe8 18. Rc1 Bxf3 19. gxf3 Qa6 20. Qf5 Nxd5 21. Bxd5
Bf6 22. Rxc6 Rxc6 23. Qd7 Rce6 24. Bxe6 Rxe6 25. Rc1 h6 26. Rc7 Qd6 27. Qxf7+
Kh7 28. Bh4 1-0

[Event "56th TCh-DEN Ex 2017-18"]
[Site "Denmark DEN"]
[Date "2018.01.14"]
[Round "6.5"]
[Board "4"]
[White "Hoi, Carsten"]
[Black "Semcesen, Daniel"]
[Result "1-0"]
[WhiteTitle "GM"]
[BlackTitle "GM"]
[WhiteElo "2354"]
[BlackElo "2483"]
[WhiteTeam "Bronshoj"]
[BlackTeam "Nordea Skanderborg"]
[WhiteFideId "1400100"]
[BlackFideId "1706993"]
[EventDate "2017.11.18"]

1. d4 f5 2. Nf3 Nf6 3. Bg5 e6 4. Nbd2 Be7 5. c3 O-O 6. Qc2 d5 7. Bxf6 Bxf6 8. h3
c5 9. e3 Nc6 10. g4 b6 11. Bb5 Qc7 12. O-O-O a6 13. Bxc6 Qxc6 14. Ne5 Qc7 15. f4
c4 16. gxf5 exf5 17. Nf1 b5 18. Ng3 Rb8 19. Nh5 b4 20. cxb4 Rxb4 21. Rhg1 Be6
22. Rxg7+ Bxg7 23. Rg1 Rb7 24. Rxg7+ Qxg7 25. Nxg7 Kxg7 26. Qg2+ Kh8 27. Qg5 Rg7
28. Qh6 Re8 29. Qf6 Kg8 30. h4 a5 31. h5 Rc7 32. h6 Rb7 33. Ng6 hxg6 34. Qxg6+
Kf8 35. h7 Rxh7 36. Qxh7 Re7 37. Qh8+ 1-0

[Event "56th TCh-DEN Ex 2017-18"]
[Site "Denmark DEN"]
[Date "2018.01.14"]
[Round "6.5"]
[Board "5"]
[White "Pedersen, Nicolai Vesterbaek"]
[Black "Palm, Nikolaj"]
[Result "1-0"]
[WhiteTitle "IM"]
[BlackTitle "FM"]
[WhiteElo "2392"]
[BlackElo "2319"]
[WhiteTeam "Nordea Skanderborg"]
[BlackTeam "Bronshoj"]
[WhiteFideId "1402340"]
[BlackFideId "1402145"]
[EventDate "2017.11.18"]

1. g3 d5 2. Nf3 Nf6 3. Bg2 e6 4. c4 Be7 5. d4 O-O 6. Qc2 c6 7. O-O Ne4 8. Nc3 f5
9. Rb1 b6 10. Ne5 Bb7 11. Nxe4 dxe4 12. Rd1 Nd7 13. Nxd7 Qxd7 14. b4 Rfd8 15.
Bf4 Bd6 16. e3 Qe7 17. Bxd6 Rxd6 18. f3 exf3 19. Bxf3 Rd7 20. Qg2 Rc8 21. Rd2
Rcc7 22. c5 e5 23. Kh1 e4 24. Be2 Qg5 25. Bc4+ Kh8 26. Qf2 Rd8 27. Rf1 Bc8 28.
a4 h6 29. Qe1 Rf8 30. Rdf2 Re7 31. Rf4 Rf6 32. cxb6 axb6 33. a5 b5 34. Bb3 Kh7
35. Qd2 Be6 36. Bxe6 Rexe6 37. Qf2 Qg6 38. Rxf5 Qf7 39. Qf4 Qe7 40. a6 Qxb4 41.
a7 Qa5 42. Qb8 Rxf5 43. Rxf5 Rf6 44. a8=Q Qe1+ 45. Kg2 Qe2+ 46. Kh3 Rxf5 47.
Qh8+ Kg6 48. Qae8+ Rf7 49. Qe6+ Rf6 50. Qhe8+ Kg5 51. Qe5+ Rf5 52. Qxg7# 1-0

[Event "56th TCh-DEN Ex 2017-18"]
[Site "Denmark DEN"]
[Date "2018.01.14"]
[Round "6.5"]
[Board "6"]
[White "Laursen, Niels Norskov"]
[Black "Hansen, Mads"]
[Result "1/2-1/2"]
[WhiteTitle "FM"]
[BlackTitle "IM"]
[WhiteElo "2304"]
[BlackElo "2387"]
[WhiteTeam "Bronshoj"]
[BlackTeam "Nordea Skanderborg"]
[WhiteFideId "1404709"]
[BlackFideId "1401610"]
[EventDate "2017.11.18"]

1. e4 c5 2. Nf3 e6 3. d4 cxd4 4. Nxd4 Nc6 5. Nc3 Qc7 6. Be2 Nf6 7. Be3 Be7 8.
O-O O-O 9. Ndb5 Qb8 10. a4 d6 11. Qd2 b6 12. Bf4 Rd8 13. Rad1 a6 14. Na3 Ra7 15.
Qe3 Ne5 16. Bg3 Rad7 17. Kh1 Qc7 18. f4 Neg4 19. Qf3 Bb7 20. Nc4 d5 21. f5 Qc5
22. fxe6 fxe6 23. Qf4 d4 24. Bxg4 Qxc4 25. Nd5 Bxd5 26. exd5 Qxd5 27. Bh3 Kh8
28. Qe5 Ne4 29. Qxd5 Nxg3+ 30. hxg3 Rxd5 31. Bxe6 Rh5+ 32. Bh3 Bf6 33. Rf5 Rxf5
34. Bxf5 Re8 35. Bd3 a5 36. Rf1 Kg8 37. b3 Kf7 38. Rf5 g6 39. Rb5 Re3 40. Rxb6
Be5 41. Kg1 Bxg3 42. Bc4+ Ke7 43. Rb7+ Kf6 44. Rf7+ Kg5 45. Rf1 Re5 46. Rf3 Bf4
47. g3 Be3+ 48. Kg2 h5 49. Bd3 Re6 50. Rf7 Bd2 51. Rf2 1/2-1/2

[Event "56th TCh-DEN Ex 2017-18"]
[Site "Denmark DEN"]
[Date "2018.01.14"]
[Round "6.5"]
[Board "7"]
[White "Andersen, Jackie"]
[Black "Greger, Roland Reinhard"]
[Result "1/2-1/2"]
[WhiteElo "2388"]
[BlackElo "2298"]
[WhiteTeam "Nordea Skanderborg"]
[BlackTeam "Bronshoj"]
[WhiteFideId "1402650"]
[BlackFideId "1401530"]
[EventDate "2017.11.18"]

1. d4 Nf6 2. Nf3 e6 3. Bf4 b6 4. e3 Bb7 5. Nbd2 Be7 6. g4 d6 7. Bd3 c5 8. Rg1
Nc6 9. a3 Qd7 10. h4 Nd5 11. Bh2 Nc7 12. Qe2 g6 13. g5 O-O-O 14. dxc5 bxc5 15.
Nc4 e5 16. c3 Qe6 17. e4 f5 18. gxf6 Bxf6 19. Ne3 Ne7 20. O-O-O 1/2-1/2

[Event "56th TCh-DEN Ex 2017-18"]
[Site "Denmark DEN"]
[Date "2018.01.14"]
[Round "6.5"]
[Board "8"]
[White "Skousen, Nikolai"]
[Black "Boe, Mads"]
[Result "1/2-1/2"]
[WhiteTitle "FM"]
[BlackTitle "FM"]
[WhiteElo "2203"]
[BlackElo "2297"]
[WhiteTeam "Bronshoj"]
[BlackTeam "Nordea Skanderborg"]
[WhiteFideId "1401432"]
[BlackFideId "1401408"]
[EventDate "2017.11.18"]

1. g3 d5 2. Bg2 Nf6 3. Nf3 c6 4. O-O Bg4 5. h3 Bh5 6. d3 e6 7. Nbd2 Bd6 8. e4
Nbd7 9. Qe2 Qc7 10. Re1 dxe4 11. dxe4 e5 12. Nc4 Bc5 13. a4 O-O 14. Bd2 a5 15.
Nxa5 Rxa5 16. b4 Bxf2+ 17. Qxf2 Raa8 18. a5 c5 19. b5 1/2-1/2

[Event "56th TCh-DEN Ex 2017-18"]
[Site "Denmark DEN"]
[Date "2018.02.11"]
[Round "7.1"]
[Board "1"]
[White "Andersen, Mads"]
[Black "Thybo, Jesper Sondergaard"]
[Result "1/2-1/2"]
[WhiteTitle "GM"]
[BlackTitle "IM"]
[WhiteElo "2594"]
[BlackElo "2472"]
[WhiteTeam "Nordea Skanderborg"]
[BlackTeam "Jetsmark"]
[WhiteFideId "1413864"]
[BlackFideId "1438832"]
[EventDate "2017.11.18"]

1. d4 Nf6 2. c4 e6 3. Nf3 d5 4. g3 Bb4+ 5. Bd2 Be7 6. Bg2 O-O 7. O-O Nbd7 8. Qc2
c6 9. Rd1 b6 10. Bf4 Ba6 11. Ne5 Rc8 12. cxd5 Nxd5 13. Nc3 Nxe5 14. Bxe5 f6 15.
Bf4 Nxf4 16. gxf4 f5 17. Qa4 Bb7 18. Qxa7 Qc7 19. Nb5 Qd7 20. Na3 b5 21. Qa5 Ra8
22. Qd2 Bxa3 23. bxa3 Rxa3 24. Rdc1 Rfa8 25. Rc2 h6 26. Rac1 R8a6 27. Rb2 Qd6
28. Rc5 Bc8 29. e3 Bd7 30. Bf3 g5 31. fxg5 hxg5 32. Bd1 Kg7 33. Bb3 Ra8 34. e4
Qf4 35. Qxf4 gxf4 36. exf5 exf5 37. Re2 Kf6 38. d5 cxd5 39. Rxd5 Re8 40. Rd6+
Kg5 41. Red2 Re1+ 42. Kg2 Be8 43. f3 Ra7 44. Re6 Rxe6 45. Bxe6 Bf7 46. Bxf7 Rxf7
47. Rb2 Ra7 48. Rxb5 1/2-1/2

[Event "56th TCh-DEN Ex 2017-18"]
[Site "Denmark DEN"]
[Date "2018.02.11"]
[Round "7.1"]
[Board "2"]
[White "Rasmussen, Allan Stig"]
[Black "Ochsner, Bjorn Moller"]
[Result "1-0"]
[WhiteTitle "GM"]
[BlackTitle "IM"]
[WhiteElo "2540"]
[BlackElo "2459"]
[WhiteTeam "Jetsmark"]
[BlackTeam "Nordea Skanderborg"]
[WhiteFideId "1406000"]
[BlackFideId "1416928"]
[EventDate "2017.11.18"]

1. c4 g6 2. Nf3 Bg7 3. Nc3 Nf6 4. d4 O-O 5. e4 d6 6. Be2 e5 7. O-O Nbd7 8. Re1
Re8 9. Bf1 a6 10. Qc2 exd4 11. Nxd4 Ng4 12. Rd1 Nc5 13. f3 Ne5 14. Be3 Ne6 15.
Nxe6 Bxe6 16. c5 Rc8 17. Qf2 Qe7 18. cxd6 cxd6 19. Bd4 Bc4 20. Bxc4 Rxc4 21. Rd2
Rc6 22. Rad1 Qe6 23. b3 Rec8 24. Ne2 Qe7 25. Be3 Rc2 26. Nf4 Rc1 27. Nd5 Qe6 28.
Qh4 f6 29. Qe1 Rxd1 30. Rxd1 Nc6 31. Qd2 Rd8 32. Bb6 Rd7 33. Ne3 Bh6 34. Qd3
Bxe3+ 35. Bxe3 Kf7 36. Bc1 Ne5 37. Qd2 Kg8 38. Bb2 Nf7 39. Qc3 Kg7 40. Rd5 Rd8
41. Qb4 Rd7 42. Qb6 Ne5 43. Qd4 Nc6 44. Qd2 Ne7 45. Rd3 Kf7 46. Ba3 Nc8 47. h4
Kg7 48. Rd5 Rc7 49. Bxd6 Nxd6 50. Rxd6 Qe5 51. Rd5 Qe6 52. Qd4 Qc6 53. Kh2 Qe6
54. Rd6 Qe7 55. Kh3 Kf7 56. Qd5+ Kg7 57. b4 Qf7 58. Qd4 Re7 59. a4 Re6 60. Rd5
Re7 61. g4 Qe6 62. Kg3 Kf7 63. Rd6 Qe5+ 64. Qxe5 fxe5 65. h5 Rc7 66. Rb6 g5 67.
Rh6 Kf8 68. Rf6+ Rf7 69. Rf5 Rxf5 70. exf5 1-0

[Event "56th TCh-DEN Ex 2017-18"]
[Site "Denmark DEN"]
[Date "2018.02.11"]
[Round "7.1"]
[Board "3"]
[White "Bjerre, Jonas Buhl"]
[Black "Jensen, Bjarke"]
[Result "1-0"]
[WhiteTitle "FM"]
[BlackTitle "FM"]
[WhiteElo "2354"]
[BlackElo "2319"]
[WhiteTeam "Nordea Skanderborg"]
[BlackTeam "Jetsmark"]
[WhiteFideId "1444948"]
[BlackFideId "1403702"]
[EventDate "2017.11.18"]

1. e4 Nf6 2. e5 Nd5 3. d4 d6 4. Nf3 dxe5 5. Nxe5 Nd7 6. Nxf7 Kxf7 7. Qh5+ Ke6 8.
c4 N5f6 9. d5+ Kd6 10. Qf5 Ne5 11. c5+ Kxc5 12. Qxe5 Qxd5 13. Qxc7+ Kb4 14. Qc3+
Ka4 15. Qa3# 1-0